[Event "Speed Chess Championship 2020"]
[Site "Online"]
[Date "2020.11.04"]
[Round "1.29"]
[White "Carlsen, Magnus"]
[Black "Maghsoodloo, Parham"]
[Result "1-0"]
[WhiteElo "2862"]
[BlackElo "2676"]
[Annotator "TA"]
[PlyCount "105"]
[EventDate "2020.10.31"]
[EventType "k.o."]
[SourceTitle "playchess.com"]
[Source "ChessBase"]
[SourceQuality "1"]

{[%evp 9,105,0,104,-6,-8,-81,-31,-56,-9,-30,4,-68,-47,-72,-52,-53,-39,-47,-27,-56,0,-18,-7,-38,-35,-25,8,-10,19,7,44,-19,32,28,45,-25,-35,-26,-35,-19,-25,-30,0,0,49,47,96,97,89,14,31,0,41,-16,50,41,147,110,138,129,137,139,142,0,131,129,150,139,142,135,136,145,141,148,148,147,166,162,188,161,161,168,312,149,623,617,668,600,663,573,554,547,487,439,395,0,29996,29987]} 1. c3 c6 2. f3 ({Predecessor:} 2. Qc2 Qc7 3. g3 g6 4. Bg2 Bg7 5. e4 d6 6. Ne2 e5 {½-½ (6) Zobenica,I (2086)-Skoko,M (2164) Novi Sad 2018}) 2... f6 3. Kf2 Kf7 4. Ke3 Ke6 5. Kf2 Kd6 (5... Kf7 $11 {remains equal.}) 6. Ke3 {A00: Irregular Openings.} (6. c4 $16) 6... Kc7 7. Kd3 (7. d4 $11) 7... Qe8 8. Kc2 {Black is slightly better.} d6 9. Qe1 e6 10. Kd1 (10. e4 $11) 10... Ne7 11. Na3 Nd7 12. Nc2 Nb6 13. d3 Bd7 14. Bd2 Nbc8 (14... c5 $15) 15. Kc1 c5 16. Kb1 Nc6 17. e4 Kb8 18. Ne2 Nb6 19. d4 a6 20. Ne3 ({White should try} 20. Be3 $14) 20... Ka7 (20... d5 $11) 21. a4 $14 Na5 22. b4 ({Better is} 22. Nc1 $1 $14) 22... Nb3 $11 23. a5 Na4 24. Ra3 Nxd2+ 25. Qxd2 cxb4 26. cxb4 Rc8 (26... d5 $5) 27. d5 $36 {[%mdl 2048] White has good play.} exd5 28. Nxd5 f5 {[#]} 29. Qd4+ (29. Nec3 $1 $16) 29... Kb8 30. Nec3 fxe4 31. Nxe4 ({White should play} 31. Nxa4 $14 Bxa4 {[#]} 32. Bxa6 $1 {[%mdl 512]}) 31... Bc6 (31... Qe5 $1 $11 32. Qxe5 dxe5) 32. Bc4 $14 Qg6 (32... Qe5 $14 33. Qxe5 dxe5) 33. g3 h5 34. h4 Qf5 35. Rd1 Rh6 36. Bb3 (36. Ka2 $16) 36... Nc5 (36... Qxf3 $11 37. Rd3 Qh1+ 38. Rd1 Qf3) 37. bxc5 $16 {Black is now going downhill.} dxc5 38. Qe3 {Black must now prevent Bc4.} c4 39. Bxc4 Bxa3 40. Qxa3 Rd8 {[%cal Rc6d5]} 41. Qd3 Re6 {intending ...Bxd5.} 42. Kb2 Re5 {[%cal Rd8d5]} 43. Nec3 Qf8 44. f4 Ree8 45. Qd4 Qd6 (45... Bxd5 $142 46. Nxd5 (46. Bxd5 Rd7 $16) 46... Rd7) 46. Bb3 (46. Qxg7 $18 {is more deadly.} Rg8 47. Qe5) 46... Qg6 $2 {[%mdl 8192]} (46... Bxd5 $16 47. Bxd5 (47. Qxd5 Qf8 $16) 47... Re7) 47. Qb6 $18 Qxg3 {[#]} 48. Nb4 $1 Qg2+ {[#]} 49. Ka3 $1 Rxd1 50. Nxa6+ ({Less strong is} 50. Bxd1 Ka8 $18) (50. Nxd1 Kc8 $16) 50... Ka8 {And now ...Ra1+ would win.} 51. Nc7+ {[%mdl 64] Double Attack} ({And not} 51. Nxd1 bxa6 52. Qxa6+ Kb8 $11) ({Stronger than} 51. Bxd1 Qd2 $11) 51... Kb8 {aiming for ...Ra1+.} 52. Bxd1 $2 (52. Nxd1 $18 {Threatening mate with a6.} Rc8 53. a6 Rxc7 54. a7+ Ka8 55. Qxc7 Kxa7 56. Qa5+ Kb8 57. Qxh5) 52... Re1 $2 {[%mdl 8192]} (52... Qd2 $11 53. Nxe8 Qxc3+ 54. Bb3 Qa1+ 55. Kb4 Qe1+ {[%mdl 64] Double Attack} 56. Ka3 Qc1+ 57. Ka2 Qd2+ 58. Ka3 Bxe8) 53. a6 {Av CentiPawn Loss W=-36/B=-55. Weighted=-45/-94} 1-0

[Event "Speed Chess Championship 2020"]
[Site "Online"]
[Date "2020.11.04"]
[Round "1.29"]
[White "Firouzja, Alireza"]
[Black "Fedoseev, Vladimir"]
[Result "0-1"]
[WhiteElo "2749"]
[BlackElo "2676"]
[Annotator "ChessBase"]
[PlyCount "62"]
[EventDate "2020.10.31"]
[EventType "k.o."]
[SourceTitle "playchess.com"]
[Source "ChessBase"]
[SourceQuality "1"]
[TimeControl "60+1"]

1. Nf3 {[%emt 0:00:01]} Nf6 {[%emt 0:00:01]} 2. g3 {[%emt 0:00:00]} d5 {[%emt 0:00:01]} 3. Bg2 {[%emt 0:00:01]} c6 {[%emt 0:00:00]} 4. O-O {[%emt 0:00:02]} Bf5 {[%emt 0:00:01]} 5. c4 {[%emt 0:00:01]} e6 {[%emt 0:00:01]} 6. Qb3 {[%emt 0:00:06]} Qb6 {[%emt 0:00:01]} 7. d3 {[%emt 0:00:01]} Nbd7 {[%emt 0:00:01]} 8. Qc2 {[%emt 0:00:03]} dxc4 {[%emt 0:00:06]} 9. Qxc4 {[%emt 0:00:01]} Qc5 {[%emt 0:00:01]} 10. Qb3 {[%emt 0:00:02]} Qb6 {[%emt 0:00:01]} 11. Qc2 {[%emt 0:00:02]} Be7 {[%emt 0:00:01]} 12. Nc3 {[%emt 0:00:01]} O-O {[%emt 0:00:01]} 13. Be3 {[%emt 0:00:02]} Qc7 {[%emt 0:00:02]} 14. Rac1 {[%emt 0:00:02]} a6 {[%emt 0:00:01]} 15. a3 {[%emt 0:00:01]} Rac8 {[%emt 0:00:03]} 16. Rfd1 {[%emt 0:00:03]} h6 {[%emt 0:00:02]} 17. Qb3 {[%emt 0:00:02]} e5 {[%emt 0:00:01]} 18. Nh4 {[%emt 0:00:09]} Be6 {[%emt 0:00:02]} 19. Qc2 {[%emt 0:00:00]} Ng4 {[%emt 0:00:03]} 20. Bd2 {[%emt 0:00:07]} Bxh4 {[%emt 0:00:02]} 21. gxh4 {[%emt 0:00:00]} Qb6 {[%emt 0:00:01]} 22. Be1 {[%emt 0:00:24]} Bb3 {[%emt 0:00:01]} 23. Qd2 {[%emt 0:00:00]} Bxd1 {[%emt 0:00:01]} 24. Rxd1 {[%emt 0:00:00]} f5 {[%emt 0:00:01]} 25. Qc2 {[%emt 0:00:02]} Kh8 {[%emt 0:00:03]} 26. Na4 {[%emt 0:00:01]} Qd8 {[%emt 0:00:01]} 27. Bb4 {[%emt 0:00:01]} Qxh4 {[%emt 0:00:03]} 28. e3 {[%emt 0:00:00]} Qxh2+ {[%emt 0:00:01]} 29. Kf1 {[%emt 0:00:01]} f4 {[%emt 0:00:02]} 30. Bxf8 {[%emt 0:00:02]} Rxf8 {[%emt 0:00:01]} 31. exf4 {[%emt 0:00:01]} Rxf4 {[%emt 0:00:01]} 0-1

[Event "Speed Chess Championship 2020"]
[Site "Online"]
[Date "2020.12.08"]
[Round "2.1"]
[White "Carlsen, Magnus"]
[Black "Artemiev, Vladislav"]
[Result "0-1"]
[WhiteElo "2862"]
[BlackElo "2708"]
[Annotator "TA"]
[PlyCount "150"]
[EventDate "2020.10.31"]
[EventType "k.o."]
[EventCountry "NET"]
[SourceTitle "playchess.com"]
[Source "ChessBase"]
[SourceQuality "1"]

{[%evp 9,150,46,45,30,43,33,47,10,8,12,12,14,17,10,12,10,14,20,7,0,17,0,0,0,10,8,10,7,4,2,16,0,0,4,0,-13,20,-11,-9,-134,-129,-97,-121,-136,-115,-172,-110,-149,-155,-141,-72,-190,-91,-94,-82,-72,-39,-93,-79,-121,-85,-87,-78,-110,-101,-116,-109,-134,-134,-120,-116,-107,-86,-318,-319,-313,-326,-314,-287,-308,-223,-218,-221,-212,-211,-208,-206,-206,-200,-218,0,-172,-159,-184,-184,-174,-159,-322,-327,-324,-324,-344,-341,-1129,-1120,-1125,-1129,-1114,-1115,-1050,-1030,-916,-852,-1095,-1081,-994,-1019,-29959,-29960,-29958,-29960,-29956,-29956,-29967,-29967,-29956,-7937,-29963,-29966,-29971,-29973,-29977,-29968,-29968,-29967,-29969,-29959,-5569,-5368,-4943,-4943,-29978,-29973]} 1. e4 c6 2. d4 d5 3. Nd2 Qc7 4. Bd3 dxe4 5. Nxe4 Bf5 6. Nf3 {B12: Caro-Kann: Advance Variation.} Nd7 7. c3 {[#]} e6 $146 ({Predecessor:} 7... Bxe4 8. Bxe4 Ngf6 9. Bd3 e6 10. Qe2 Bd6 11. O-O O-O-O 12. Re1 Rhe8 13. Bg5 Kb8 {½-½ (33) Elgaard,B (2260)-Bang,A (2310) Hedehusene 1994}) 8. Nh4 {White is slightly better.} Bxe4 9. Bxe4 Ngf6 10. Bc2 c5 11. Nf3 cxd4 12. Qxd4 Bc5 13. Qf4 Bd6 14. Qh4 O-O-O 15. Bd2 h6 16. O-O-O g5 17. Qa4 Bc5 18. h4 g4 19. Nd4 a6 20. Kb1 Nb6 21. Qb3 Kb8 22. Bc1 Nfd7 23. h5 Bd6 {White should prevent ...Nc5.} 24. Nxe6 (24. Bd3 $11) 24... fxe6 $17 25. Qxe6 Bf4 26. Qxg4 Bxc1 27. Kxc1 {[#]} Ne5 (27... Rhg8 $1 $19 {[%cal Rg8g4]} 28. Bg6 Ne5) 28. Qg3 {[#]} Rdg8 $1 {[%cal Rg8g3]} 29. Qh3 Nec4 (29... Rf8 $142 30. Rhf1 Qc5) 30. Kb1 (30. Qh2 $17 {was called for.}) 30... Qf4 (30... Rf8 $19 31. f3 Re8) 31. Qh2 Qxh2 32. Rxh2 Rf8 33. f3 (33. g3 $15) 33... Rhg8 34. Bg6 Ne5 35. Be4 Kc7 36. b3 Nbd7 37. Rd2 Rg3 38. Rh1 Nf6 39. Bc2 Rfg8 40. Re1 Ned7 41. Re7 $2 (41. Bg6 $17) 41... Rxg2 $19 42. Rxg2 Rxg2 43. Bf5 Rg5 44. Bg4 Nxg4 45. fxg4 Rxg4 {[%mdl 4096] Endgame KRN-KR} 46. Rh7 Rg2 47. Rxh6 Rh2 48. Rh7 Kc6 49. Rh6+ Kc7 50. Rh7 b6 51. h6 Kd6 52. Rh8 Nf6 53. Rb8 $2 (53. Kc1 $17) 53... Kc7 54. Ra8 a5 ({Resist} 54... Rxh6 55. Rxa6 Ne4 56. Ra7+ Kb8 57. Rg7 $19) 55. Ra7+ Kc6 56. Re7 $2 (56. Kc1) 56... Nd5 {[%mdl 64] Double Attack} 57. Re6+ Kd7 58. Rg6 Nxc3+ {[%mdl 64] Double Attack} 59. Kc1 Nxa2+ 60. Kd1 Nc3+ 61. Ke1 {Cut Off at move 61} b5 62. Ra6 Kc7 63. Rxa5 Rxh6 64. Kd2 Kb6 65. Ra8 Nd5 66. Kc2 Rh2+ 67. Kd3 Kc5 (67... Nb4+ $142 68. Kc3 Nc6 69. Kd3 b4 70. Re8 Rh3+ 71. Kc2 Nd4+ 72. Kb1 Nxb3 73. Rg8 Kb5 74. Kc2 Nc5 75. Kd2 b3 76. Rf8 Rh2+ 77. Ke3 Rh3+ 78. Ke2 b2 79. Rf1 Ne4 80. Rg1 Nc3+ 81. Kf2 Rd3 82. Rg7 Kc6 83. Rg6+ Rd6 84. Rxd6+ Kxd6 85. Kf3 b1=Q 86. Ke3 Qe4+ 87. Kf2 Ke5 88. Kg1 Ne2+ 89. Kf2 Kf4 90. Ke1 Ke3 91. Kf1 Qh1#) 68. Rd8 Rh3+ 69. Kc2 Nb4+ 70. Kb2 Nc6 71. Rc8 Rh2+ 72. Kb1 Rf2 73. Rc7 Rf6 74. Kb2 Kb4 75. Rc8 Rf2+ {Weighted Error Value: White=0.34/Black=0.15} 0-1

[Event "Speed Chess Championship 2020"]
[Site "Online"]
[Date "2020.11.19"]
[Round "2.1"]
[White "So, Wesley"]
[Black "Duda, Jan-Krzysztof"]
[Result "1/2-1/2"]
[WhiteElo "2816"]
[BlackElo "2743"]
[Annotator "TA"]
[PlyCount "236"]
[EventDate "2020.10.31"]
[EventType "k.o."]
[EventCountry "NET"]
[SourceTitle "playchess.com"]
[Source "ChessBase"]
[SourceQuality "1"]

{[%evp 15,236,22,39,26,66,27,38,43,38,0,10,-12,-10,-34,-43,-24,-15,-22,-10,-10,-14,-23,-9,-13,-13,-18,0,-43,-62,-43,13,-113,-134,-96,-43,-62,-39,-36,-25,-68,-52,-42,-60,-70,0,0,0,-14,-7,0,-9,-131,-137,-137,-113,-128,-4,-263,-16,-15,-13,-25,0,-141,550,-97,0,0,28,22,44,27,37,0,56,34,27,0,0,0,72,77,135,108,166,133,138,134,112,89,107,0,0,-37,-38,-133,-25,-356,-8,-11,-18,-16,0,0,0,0,8,0,0,0,0,-310,-287,-202,-8,-308,0,0,24,24,24,0,0,0,0,0,0,0,0,0,0,-11,-11,-11,-11,-11,0,-11,0,0,0,0,0,-7,-12,-12,0,-8,0,0,0,0,0,0,0,0,0,0,0,0,0,0,0,0,0,0,0,0,0,0,0,0,0,0,0,0,0,0,0,0,0,0,0,0,0,0,0,0,0,0,0,0,0,0,0,0,0,0,0,0,0,0,0,0,0,0,0,0,0,0,0,0,0,0,0,0,0,0,0,0,0,0,0]} 1. e4 c5 2. Nf3 d6 3. d4 cxd4 4. Nxd4 Nf6 5. Nc3 a6 6. f3 e5 7. Nb3 Be6 8. Be3 Nc6 {[%cal Bb8c6,Bc6a5,Ba5c4][%mdl 32]} 9. Qe2 {B90: Sicilian Najdorf: Unusual White 6th moves, 6 Be3 Ng4 and 6 Be3 e5.} Na5 10. O-O-O (10. Qf2 $5 {[%cal Re3b6]} Nc4 11. Bxc4 Bxc4 12. O-O-O $11) 10... Nc4 11. Bg5 {White is slightly better.} Be7 {[#]} 12. Kb1 $146 ({Predecessor:} 12. g3 Rc8 13. h4 O-O 14. g4 b5 15. Bxf6 Bxf6 16. g5 Be7 17. Bh3 Qd7 18. Bg4 {0-1 (39) Zhang,Z (2510)-Sadvakasov,D (2440) Calicut 1998}) 12... Qc7 13. Qe1 b5 14. Bxc4 bxc4 15. Nd2 Rb8 16. Nf1 Qb7 {[%csl Gb8][%cal Rb7b2]} 17. Bc1 $1 O-O 18. Ne3 Rfc8 19. g4 Rc6 20. Ncd5 Bd8 21. Nxf6+ Bxf6 22. Qc3 Qb5 (22... Bh4 $15) 23. Qa3 (23. h4 $11) 23... c3 $1 $17 {[%cal Rc3b2]} 24. b3 Bd8 (24... a5 $17 25. Nd5 a4) 25. Nd5 $15 a5 26. Rd3 $1 Rbc8 27. Rhd1 h6 28. h3 Kh7 29. f4 exf4 (29... a4 $15 30. f5 (30. Qxa4 Qxa4 31. bxa4 Rc4 $17) 30... axb3 31. Qxb3 (31. fxe6 $2 bxa2+ 32. Kxa2 Ra6 $19) (31. axb3 Bxd5 32. Rxd5 Qe2 $17) 31... Qxb3+ 32. axb3 Bxd5 33. Rxd5 Ra6 34. Rxd6 Bb6) 30. Bxf4 $11 Bh4 31. Bxd6 a4 $1 32. Qb4 Qa6 33. Be5 (33. Nxc3 $11 axb3 34. cxb3) 33... axb3 $17 34. axb3 {[%cal Rd5c3]} ({Don't blunder} 34. Qxb3 $2 Bxd5 35. exd5 Rb6 $1 $19 {[%mdl 512]}) 34... Ra8 $36 {[%csl Ga8][%cal Ra6a1][%mdl 2048] Keeping White busy.} 35. Bxc3 (35. Qa4 $2 Qb7 $19) 35... Bg5 {[#]} (35... Qa2+ $17 36. Kc1 Bg5+ 37. Ne3 Rac8) 36. Ne3 $2 {[%mdl 8192] [#]} (36. Qa4 $1 $11 Qxa4 37. bxa4) 36... Qa7 $2 ({Not} 36... Qa2+ 37. Kc1 $17) (36... Bc4 $1 $19 {[%mdl 512]} 37. Bb2 (37. bxc4 $2 Rb6 $19) 37... Bxd3 38. Rxd3 Qa2+ 39. Kc1 Rac8) 37. Qd4 $1 $11 {[%csl Gc3][%cal Rd4g7]} Qa2+ 38. Kc1 {[%csl Gc3][%cal Rd4g7]} f6 {[#] Strongly threatening ...Bxb3!} 39. Kd2 (39. h4 $1 $11 Bxe3+ (39... Bxh4 40. e5) 40. Rxe3) 39... Rac8 $2 {[%mdl 8192]} (39... Bxb3 $1 $17 {and life is bright.} 40. Rc1 Rc4) 40. Ke2 $2 (40. Ra1 $1 $18 {[%cal Ra1a2]} Qxa1 41. Bxa1) 40... Qa6 (40... Bxe3 $17 41. Rxe3 Bxb3) 41. Kf2 Bxe3+ 42. Rxe3 {White wants to play e5.} Qb7 43. Rdd3 Qc7 44. Kg2 Qf7 ({Black should play} 44... Bf7 $11) 45. Rf3 $14 Qg6 46. e5 f5 47. Rg3 Rf8 (47... fxg4 $11 {keeps the balance.} 48. hxg4 R6c7) 48. Qf4 $16 Rf7 (48... Ra8 $142) 49. g5 $1 h5 (49... hxg5 $16 {is a better defense.} 50. Rxg5 Qh6) 50. Rd6 Rfc7 {[#]} 51. Rxc6 $1 Rxc6 52. Kh2 Bd5 {[#]} 53. Qd4 (53. Rd3 $1 $16) 53... Be4 $11 54. e6 Rxe6 {White must now prevent ...h4.} 55. Qe3 (55. Bd2 $15) 55... Re7 ({Better is} 55... Bb7 $17 56. Qf4 Re2+ {[%mdl 64] Double Attack} 57. Kg1 Be4) 56. b4 $2 {[%mdl 8192]} (56. Qf4 $11) 56... Qd6 $2 (56... h4 $19 57. Rf3 Rc7) 57. g6+ Kg8 58. Qc5 Qxc5 59. bxc5 {[%mdl 4096] Endgame KRB-KRB} f4 60. Rg5 Bxc2 61. Rxh5 {Cut Off at move 61} Re2+ 62. Kg1 {aiming for c6.} f3 {Threatens to win with ...Rg2+.} 63. Re5 $2 {[%mdl 8192]} (63. Rd5 $11 {and White stays safe.} Rg2+ 64. Kf1 Rxg6 65. Rd8+ Kf7 66. Rd4) 63... Rg2+ $19 {[%mdl 64] Double Attack} 64. Kh1 {[%cal Re5e8]} Bxg6 $2 (64... Rxg6 $19 65. Re8+ Kh7) 65. Re3 $2 {[%mdl 8192]} (65. Bd4 $11 {and White is okay.}) 65... Bh5 $2 ({Black should try} 65... Rc2 $19 66. Ba5 (66. Kg1 $2 f2+ 67. Kf1 Bf7 $19) 66... Ra2) 66. c6 $11 {Threatening mate with c7.} Rg6 (66... Rg5 {feels hotter.} 67. c7 f2 68. c8=Q+ Kh7 69. Qf8 Rg1+) 67. c7 Rc6 68. Kh2 Rxc7 {The position is equal.} 69. Kg3 Rf7 {Hoping for ...f2.} 70. Be1 Rf5 71. Bf2 Kh7 72. h4 Rf6 73. Re4 Rg6+ 74. Kf4 Rg2 75. Ke3 Kg6 76. Re5 Rh2 77. Rg5+ Kh6 78. Rf5 g6 79. Rf6 Kg7 80. Rf4 Rh1 81. Rd4 Ra1 82. Kf4 Ra5 83. Rd7+ Kf6 84. Kg3 Ke6 85. Rd4 Ke5 86. Rf4 Ra2 87. Bd4+ Kd5 88. Bf2 Re2 89. Rd4+ Ke5 90. Rb4 Rd2 91. Rb5+ Ke4 92. Rb4+ Kf5 93. Rf4+ Ke5 94. Rb4 Ra2 95. Rc4 (95. Rb5+ {keeps more tension.} Ke4 96. Rc5 Re2 97. Rc6 g5 98. hxg5 Kf5 99. Rc5+) 95... Kd5 96. Rd4+ Kc6 97. Rc4+ Kb5 98. Rd4 Ra8 99. Re4 Rd8 100. Rf4 Re8 101. Rd4 Kc6 102. Rc4+ Kd5 103. Rd4+ Ke5 104. Rf4 Rd8 105. Rc4 Rd2 106. Rc5+ Ke4 107. Rc4+ Kd5 108. Rc5+ Kd6 109. Rc4 Ra2 110. Rd4+ Ke6 111. Re4+ Kf5 112. Rf4+ Ke5 {( -> ...Rxf2!)} 113. Rc4 Kd5 114. Rd4+ Kc6 115. Rc4+ Kd7 116. Rd4+ Ke7 117. Re4+ Kf6 118. Rf4+ Ke5 {What a fight!  Weighted Error Value: White=0.51/Black=0.53} 1/2-1/2

[Event "Speed Chess Championship 2020"]
[Site "Online"]
[Date "2020.12.03"]
[Round "2.1"]
[White "Vachier-Lagrave, Maxime"]
[Black "Aronian, Levon"]
[Result "1/2-1/2"]
[WhiteElo "2784"]
[BlackElo "2781"]
[Annotator "TA"]
[PlyCount "130"]
[EventDate "2020.10.31"]
[EventType "k.o."]
[EventCountry "NET"]
[SourceTitle "playchess.com"]
[Source "ChessBase"]
[SourceQuality "1"]

{[%evp 12,130,16,10,13,16,9,16,10,10,13,5,6,5,15,3,0,0,8,0,0,3,21,32,25,23,28,20,50,44,41,60,37,41,33,22,56,3,23,0,0,0,0,0,20,22,99,97,209,-753,102,103,100,80,116,45,50,34,99,99,104,110,103,99,96,102,204,78,84,87,79,91,84,65,65,65,68,33,50,26,33,33,33,0,33,8,8,8,8,8,8,0,0,0,0,0,0,0,0,0,0,0,0,0,0,0,0,0,0,0,0,0,0,0,0,0,0,0,0,0,0]} 1. e4 e5 2. Nf3 Nc6 3. Bc4 Bc5 4. O-O Nf6 5. d3 O-O 6. c3 d6 7. Re1 $1 {[%mdl 4] is currently scoring better than 7.Bb3. Played by Ian Nepomniachtchi in November 2020.} a5 {C54: Giuoco Piano: 4 c3 Nf6, main lines with 5 d4 and 5 d3.} 8. Nbd2 Be6 9. Bb5 Qb8 10. Nf1 Qa7 11. Be3 Bxe3 12. Nxe3 Ne7 13. Ba4 Ng6 {[#]} 14. Bb3 $146 ({Predecessor:} 14. Qc2 h6 15. d4 c6 16. Nf5 Rad8 17. Bb3 Rfe8 18. Rad1 Qb8 19. Bxe6 Rxe6 20. c4 {1-0 (46) Vachier Lagrave,M (2779)-Nakamura,H (2777) chess.com INT 2018}) 14... Rfe8 15. g3 a4 16. Bxe6 Rxe6 17. b4 axb3 18. axb3 Qb8 19. b4 {[%cal Bb3b4,Bb4b5][%mdl 32]} c6 20. Qb3 Re8 21. Rxa8 Qxa8 22. b5 h6 23. Nf5 {White wants to play bxc6.} Rd8 24. Rb1 (24. c4 $14) 24... d5 (24... cxb5 {seems wilder.} 25. Ne3 Qc8 26. Qxb5 Qxc3 27. Rb3 Qc1+) 25. Nd2 Qc8 26. bxc6 bxc6 27. Qb7 Qxb7 28. Rxb7 dxe4 (28... Ra8 $1 $11) 29. Nxe4 $16 Ne8 (29... Nxe4 $16 30. dxe4 Rd1+ 31. Kg2 Rc1) 30. Rc7 $4 {[%mdl 8192]} (30. Kg2 $18) 30... Nf8 $2 ({Black should try} 30... Nxc7 $19 31. h4 Nd5) 31. Rxc6 Ne6 32. Nc5 N8c7 33. d4 (33. Kf1 $16) 33... exd4 $14 34. cxd4 Nxc5 (34... Kf8 $14) 35. dxc5 {[%mdl 4096] Endgame KRN-KRN} Ne6 {[#]} 36. Rd6 $1 Ra8 37. c6 Kf8 38. Rd7 Rc8 {[#]} (38... Nc5 $16) 39. Rxf7+ (39. Ra7 $1 $18 {is the precise move to win.}) 39... Kxf7 $16 40. Nd6+ {[%mdl 64] Double Attack} Ke7 41. Nxc8+ {KN-KN} Kd8 42. Nd6 {Hoping for Nb5.} Kc7 43. Nf5 (43. Ne4 {keeps more tension.} Kxc6 44. f3 Kd5 45. Kf2 Ke5 46. h4) 43... Kxc6 44. f4 Kd5 45. Kf2 Ke4 46. Nd6+ Kd5 47. Ne8 {Black must now prevent f5.} Ke4 48. h4 h5 {The position is equal.} 49. Nd6+ Kd5 50. Nf7 Ke4 51. Ng5+ Nxg5 52. fxg5 $11 {And now Ke2 would win. K3P-KPP} Kf5 53. Kf3 g6 54. g4+ hxg4+ {KPP-KPP} 55. Kg3 Ke6 $1 56. Kxg4 {h5 would kill now. KPP-KP} Kf7 $1 57. Kf3 Ke6 58. Kf4 Kf7 $1 59. Ke5 Ke7 60. Kf4 {Intending Ke5 and mate.} Kf7 61. Ke4 Ke6 62. Ke3 {Strongly threatening Kf4.} Ke5 63. Kf3 {White threatens Kg4 and mate.} Kf5 64. Kg3 Ke6 $1 65. Kf4 {Kg3 is the strong threat.} Kf7 $1 {Accuracy: White = 80%, Black = 75%.} 1/2-1/2

[Event "Speed Chess Championship 2020"]
[Site "Online"]
[Date "2020.12.03"]
[Round "2.1"]
[White "Nakamura, Hikaru"]
[Black "Fedoseev, Vladimir"]
[Result "1-0"]
[WhiteElo "2736"]
[BlackElo "2675"]
[Annotator "TA"]
[PlyCount "91"]
[EventDate "2020.10.31"]
[EventType "k.o."]
[EventCountry "NET"]
[SourceTitle "playchess.com"]
[Source "ChessBase"]
[SourceQuality "1"]

{[%evp 19,91,28,20,6,10,14,25,17,32,45,42,42,47,34,43,24,24,22,28,4,4,4,2,-43,-42,-38,-52,-47,-43,-40,-46,-16,21,36,85,83,187,0,42,70,123,136,290,300,316,325,346,364,539,533,512,493,620,254,220,0,0,0,238,128,294,288,496,277,270,270,1088,1079,29990,1451,29995,29967,29996,29997]} 1. d4 Nf6 2. c4 e6 3. Nf3 d5 4. Nc3 c6 5. Bg5 h6 6. Bxf6 Qxf6 7. e3 Nd7 8. Bd3 dxc4 9. Bxc4 Bd6 10. O-O Qe7 11. Qd3 $5 {[%mdl 4] Leaves trodden paths. D43: Semi-Slav: 5 Bg5 h6.} O-O {[#]} 12. Rfd1 $5 $146 {[%mdl 8] An interesting novelty.} ({Predecessor:} 12. Rad1 Rd8 13. Bb3 Bc7 14. Bc2 Nf8 15. Qe2 c5 16. Qc4 cxd4 17. exd4 Ba5 18. Be4 Qc7 {0-1 (70) Ljubojevic,L (2570)-Sokolov,I (2615) Breda 1997}) 12... b6 13. Rac1 {White has an edge.} Bb7 14. Ba6 Rab8 15. Bxb7 Rxb7 16. Ne4 Rc8 17. Rc2 Rbc7 18. Rdc1 Nf6 19. Nfd2 c5 20. Nxf6+ gxf6 21. Qa6 cxd4 22. Qxc8+ Rxc8 23. Rxc8+ Kg7 {aiming for ...dxe3.} 24. exd4 Bf4 25. R1c2 Qb4 26. Nf3 Qa5 27. g3 Bd6 (27... Qd5 $16) 28. b3 $2 (28. Kg2 $1 $18) 28... Qf5 29. Kg2 Qe4 ({Better is} 29... h5 $14) 30. R2c3 $16 b5 $2 (30... e5 $16) 31. Rd8 $18 Bb4 32. Rcc8 f5 33. Rd7 Ba5 (33... Kg6 {was necessary.} 34. Rxa7 Be1) 34. Rxa7 Bb6 35. Rd7 f4 36. Rd6 (36. Rb8 $142) 36... Ba5 {[#]} 37. Rc5 $2 (37. b4 $1 $18 {[%cal Rb4a5]} Qb7 38. Rdc6 (38. bxa5 Qxc8 39. d5 e5 $17) (38. gxf4 Bc7 $17) 38... Bxb4 39. R8c7 (39. gxf4 Bd6 $14)) 37... Bb4 38. Re5 Qc2 $2 {[#]} (38... Qb7 $11 39. Rd8 Qc7) 39. Rb6 (39. Ra6 $1 $18) 39... fxg3 $2 (39... Qxa2 $16 {is a better defense.} 40. Rb7 (40. Rexb5 Bd2 $11) (40. gxf4 Qc2 $16) (40. Rbxb5 Bd2 $16) 40... Qa6 41. Rexb5 Ba5) 40. hxg3 Bc3 $2 (40... Qxa2 {was called for.} 41. Rb7 (41. Rbxb5 Bc3 $18) (41. Rexb5 Bd2 $18) 41... Qa6 42. Rexb5 Ba5) 41. Rbxb5 (41. Rb7 $142) 41... Qxa2 42. Rb7 Qb2 $2 (42... Qa6 43. Reb5 Qc6) 43. Re4 {Black must now prevent Rg4+.} Kg6 44. Rg4+ (44. Ne5+ $142 Kh5 45. Rh4+ Kg5 46. Nxf7+ {[%mdl 64] Double Attack} Kg6 47. Rg4+ Kh7 48. Ne5+ Kh8 49. Rf4) 44... Kh5 45. Rf4 f5 46. Rg7 {Weighted Error Value: White=0.36/Black=0.85} 1-0